Zdaňovanie daňou z pridanej hodnoty v SR vybrané zmeny účinné od 1. januára 2017

Najvýznamnejše zmeny, ktoré priniesla novela zákona o DPH (zákon č. 297/2016).

Na minha lista:
Detalhes bibliográficos
Autor principal: Vašeková, Miroslava, 1978-
Outros Autores: Mateášová, Martina, 1979-
Formato: Capítulo de Livro
Idioma:eslovaco
Assuntos:
Tags: Adicionar Tag
Sem tags, seja o primeiro a adicionar uma tag!

MARC

LEADER 00000naa a2200000 4500
001 0240801
005 20240502073923.4
041 0 |a slo 
044 |a SK 
245 1 0 |a Zdaňovanie daňou z pridanej hodnoty v SR vybrané zmeny účinné od 1. januára 2017  |c Miroslava Vašeková, Martina Mateášová 
520 |a Najvýznamnejše zmeny, ktoré priniesla novela zákona o DPH (zákon č. 297/2016). 
610 2 0 |a zákony 
610 2 0 |a Slovensko 
610 2 0 |a novelizácia 
610 2 0 |a dane z hodnoty pridanej 
100 1 |a Vašeková, Miroslava, 1978- 
700 1 |a Mateášová, Martina, 1979-